El arte de la miniatura española / (Record no. 68974)

MARC details
000 -LEADER
campo de control de longitud fija 00805nam a2200241 i 4500
001 - NÚMERO DE CONTROL
campo de control 68974
003 - IDENTIFICADOR DE NÚMERO DE CONTROL
campo de control ES-MaACL
005 - FECHA Y HORA DE LA ÚLTIMA TRANSACCIÓN
campo de control 20251115063240.0
007 - CAMPO FIJO DE DESCRIPCIÓN FÍSICA--INFORMACIÓN GENERAL
campo de control de longitud fija t|
008 - DATOS DE LONGITUD FIJA--INFORMACIÓN GENERAL
campo de control de longitud fija 040823s1932 sp af |||| | spa d
080 ## - NÚMERO DE LA CLASIFICACIÓN DECIMAL UNIVERSAL
Número de la Clasificación Decimal Universal 091.31(460)(048)
080 ## - NÚMERO DE LA CLASIFICACIÓN DECIMAL UNIVERSAL
Número de la Clasificación Decimal Universal 75.057(460)(084)
100 1# - ENTRADA PRINCIPAL--NOMBRE DE PERSONA
Nombre de persona Domínguez Bordona, Jesús,
Fechas asociadas al nombre 1889-1963
9 (RLIN) 45195
245 13 - MENCIÓN DEL TÍTULO
Título El arte de la miniatura española /
Mención de responsabilidad, etc. Jesús Domínguez Bordona.
260 ## - PUBLICACIÓN, DISTRIBUCIÓN, ETC.
Lugar de publicación, distribución, etc. [Madrid] :
Nombre del editor, distribuidor, etc. Plutarco,
Fecha de publicación, distribución, etc. [1932]
300 ## - DESCRIPCIÓN FÍSICA
Extensión 24 p., XXIV h. de lám. ;
Dimensiones 21 cm.
490 1# - MENCIÓN DE SERIE
Mención de serie Índices de Cultura Española
650 14 - PUNTO DE ACCESO ADICIONAL DE MATERIA--TÉRMINO DE MATERIA
Término de materia o nombre geográfico como elemento de entrada Iluminación de manuscritos-
Subdivisión geográfica España-
Subdivisión de forma Obras ilustradas.
9 (RLIN) 145369
650 #4 - PUNTO DE ACCESO ADICIONAL DE MATERIA--TÉRMINO DE MATERIA
Término de materia o nombre geográfico como elemento de entrada Manuscritos miniados.
9 (RLIN) 151000
830 0# - PUNTO DE ACCESO ADICIONAL DE SERIE-TÍTULO UNIFORME
Título uniforme Índices de Cultura Española
9 (RLIN) 230968
852 ## - LOCALIZACIÓN
Ubicación ES-MaACL
Número de control de estantería 1793-F-4
Holdings
Estatus retirado Estado de pérdida Estado de daño No para préstamo Colección Biblioteca de origen Biblioteca actual Ubicación en estantería Fecha de adquisición Fuente de adquisición Total de préstamos Signatura topográfica completa Código de barras Visto por última vez Precio de reemplazo Tipo de ítem Koha
        Colección de folletos Biblioteca del Ateneo de Madrid Biblioteca del Ateneo de Madrid Depósito folletos 17/01/2008     1793-F-4 1072226 23/02/2023 23/02/2023 Folleto